01925nam a2200301 a 4500001001000000003000400010005001700014008004100031040002500072082003300097100003500130245025500165246004300420260006200463300003600525504007400561590002600635600005900661650007700720700004200797910003800839942001400877952013800891952020401029952018501233952018801418999001701606000030701OSt20240409073642.0110526t1957 dr 000 0bspa d aDO-SdBNPbspacBNPHU74a923.17293053bT866v 19572221 aVega y Pagán, Ernesto95717310aBiografía militar del generalísimo doctor Rafael Leónidas Trujillo Molina :bbenefactor de la patria y padre de la patria nueva, comandante en Jefe de las Fuerzas Armadas de la nación /cErnesto Vega y Pagán ; prólogo Rafael A. Espaillat.13aBiografía militar del generalísimo aCiudad Trujillo, República Dominicana :bAtenas,c1957. a155 p. :bil., retrs. ;c24 cm. aIncluye referencias bibliográficas y notas al pie de las páginas. aInventariado, 2019/LP10aTrujillo Molina, Rafael Leónidas,d 1891-1961976764 4aFuerzas armadasxActividad políticayERA DE TRUJILLO, 1930-19619571741 aEspaillat, Rafael A.,epról.957176 aValidado. Control de calidad EMS. 2ddccLBS1 00102ddc708RVaBNPHUbBNPHUcHDd2015-02-17iLF1l0oBNPHU DS-RV 923.17293053 T866v 1957p30701-30r2020-06-25te.3w2020-06-25y4 00102ddc708RVaBNPHUbBNPHUcHDd2019-06-25iLF1l0oBNPHU DS-RV 923.17293053 T866v 1957p30701-40r2020-06-25te.4w2020-06-25y4zPerteneció a la biblioteca personal de la familia Reyes Duluc. 00102ddc718RVaPDbPDcHDd2011-05-26iLF1l0oBNPHU PD-RV 923.17293053 T866v 1957p30701-10r2020-06-25w2020-06-25y1zPertenecio a la biblioteca personal de Germán E. Ornes 00102ddc718RVaPDbPDcHDd2011-06-14iLF1l0oBNPHU PD-RV 923.17293053 T866v 1957p30701-20r2020-06-25te.2w2020-06-25y1zPertenecio a la biblioteca personal de Martínez Boog c30193d30193